Rempah ratus : khasiat makanan & urutan

Bibliographic Details
Main Author: Ong Hean Chooi, 1949-
Format: Book
Language:Malay
Published: Kuala Lumpur : Utusan Publications & Publications , 2008
Subjects:

MARC

LEADER 00000cam a2200000 7i4500
001 0000026569
005 20151008.0
008 071015 my a may
020 |a 9789676121053 ,   |c RM48.00 
040 |a INS 
090 0 0 |a RM666.H33   |b O54 2008 
100 1 |a Ong Hean Chooi, 1949- 
245 1 0 |a Rempah ratus :   |b khasiat makanan & urutan   |c Ong Hean Chooi 
260 |a Kuala Lumpur :   |b Utusan Publications & Publications ,   |c 2008 
300 |a xvii,255p. :   |b ill ;   |c 21cm. 
500 |a mengandungi indeks 
504 |a Bibliografi : ms. 221-224 
650 0 |a Functional food   |z Malaysia 
650 0 |a Herbs   |x Therapeutic use   |z Malaysia 
650 0 |a Herbs   |z Malaysia 
650 2 |a Phytotherapy 
650 2 |a Plants, Medicinal 
999 |a 1000002451   |b BOOK   |c Open Shelf   |e Default branch